000 00865 a2200241 4500
005 20081014114546.0
008 081014t xxu||||| |||| 00| 0 eng d
010 _aENG-91307
020 _a978819913854
_c650.00
035 _aEN-74840
037 _bDBAD / PUB
040 _adpl
_bEnglish
082 _a342.54
245 _aIndian administrative law /
_cedited by Neena
260 _aNew Delhi
_bAlfa Publications
_c2008
270 _a4398/5, Ansari Raod, Daryaganj,
_bNew Delhi
_e110002
300 _avi, 272p.
_c22 cm ( pbk.)
500 _aIncludes index
650 _aAdministrative law
_zIndia
700 _aNeena
942 _adpl
_cEN
_2ddc
_mIND
_h342.54
999 _c16679
_d16679